Datum a čas kvízu
13
Celkem bodů
Celkový počet nahraných bodů na tomto kvízu bez doplňovacích otázek.
13.
Pořadí na kvízu
Konečné umístění týmu na tomto kvízu.
Zaznamenané odpovědi
| # | Otázka | Odpověď | Body | Výsledky |
|---|---|---|---|---|
| 1. | Předsedou KDU-ČSL se na pátečn... | Marek Výborný | 0 | |
| 2. | Dvacetiletá Árifa Sultánaová z... | má dvě dělohy (uznáváme i zdvojenou dělohu) | 1 | |
| 3. | Videoklip jedné hudební kapely... | Rammstein | 1 | |
| 4. | Tři moravské pivovary přestan... | Litovel, Zubr, Holba | 0 | |
| 5. | Doplňte jedním slovem dialog,... | popelník | 0 | |
| 6. | Vaším úkolem bude uhodnout kře... | Jan / Stanislav Tříska | 0.5 | |
| 7. | Nejstarší muž z naší trojice b... | Otokar / Karel / Michal Březina | 0 | |
| 8. | Úspěšný kanadský režisér se na... | James / David Cameron | 0.5 | |
| 9. | Tento anglický herec, držitel... | Clive / Michael Owen | 0 | |
| 10. | Generál (1885–1945) a hudebník... | George, Mike Patton | 0 |